00963nam a22002897a 4500003000500000005001700005008004100022010001000063011001000073035001000083040000900093082002100102100003500123245002600158250001000184260003500194300000900229505008700238590004100325590004200366650003800408901000700446942001000453949006500463999001700528952012800545CHAP20220329140059.0971013s1941 r 00010 d a46684 a47656 a51799 cCHAP a620.11bT55 194100aTimoshenko, Stephen P.9113341 aStrenght of materials a2 ed. aToronto :bVan Nostrand,c1941 a2 v. aContenido : v.1 Elementary theory and problems .- v.2 Advanced theory and problems aBATCH-UPDb10c20130110lUCH01h1608 aCONVERSIONb10c20130109lUCH01h132614aResistencia de materiales.996123 aBK cLIBRO a620.11 T55 1941bBCcBPAd-115743eBPAfv.1h18467i51799si c46684d46684 01104053708MDaBCbBCd2019-12-31fLIBROi127l0o620.11 T55 1941p-115743r2019-12-31 00:00:00tv.1w2019-12-31yLIBRO